[Event "IX Floripa Chess Open Fort Atacadista"]
[Site "Florianópolis - Santa Catari"]
[Date "2023.01.28"]
[Round "9.103"]
[White "De Paula, Bruno Cesar Lima"]
[Black "Correa, Joao Pedro Vieira"]
[Result "1-0"]
[WhiteElo "1591"]
[BlackElo "1865"]
[PlyCount "77"]
[EventDate "2023.01.23"]
[EventRounds "10"]
[EventCountry "BRA"]

1. e4 c5 2. Nf3 d6 3. d4 cxd4 4. Qxd4 Nc6 5. Bb5 Bd7 6. Bxc6 Bxc6 7. Nc3 Nf6 8.
Bg5 e6 9. O-O-O Be7 10. e5 dxe5 11. Qxe5 Qb6 12. Be3 Qa6 13. Qc7 Bd7 14. Qg3
Rc8 15. Ne5 Bd6 16. Rxd6 Qxd6 17. Nxd7 Qxg3 18. Nxf6+ gxf6 19. hxg3 b6 20. Ne4
Ke7 21. Rh6 f5 22. Bg5+ Kd7 23. Nc3 Rcf8 24. Bf6 Rhg8 25. Rxh7 Rg6 26. Be5 Kc6
27. b4 b5 28. Bd4 Rd8 29. Bxa7 Rd7 30. Bb8 Rb7 31. Bf4 Rg8 32. Be5 Rd8 33. Ne2
Ra7 34. Nd4+ Kd5 35. Bf6 Rb8 36. g4 fxg4 37. Rh5+ Kc4 38. Nc6 Rba8 39. Rc5# 1-0

[Event "IX Floripa Chess Open Fort Atacadista"]
[Site "Florianópolis - Santa Catari"]
[Date "2023.01.28"]
[Round "9.104"]
[White "Calsing, Ado"]
[Black "Amarilla Ettiene, Ezequiel"]
[Result "1-0"]
[WhiteElo "1863"]
[BlackElo "1616"]
[PlyCount "95"]
[EventDate "2023.01.23"]
[EventRounds "10"]
[EventCountry "BRA"]

1. d4 Nf6 2. c4 g6 3. Nc3 Bg7 4. e4 d6 5. f3 O-O 6. Be3 Nc6 7. Nge2 a6 8. Qd2
Rb8 9. Rb1 e5 10. d5 Na5 11. Nc1 c5 12. b4 cxb4 13. Rxb4 Nd7 14. Na4 Qc7 15.
Nb6 Nc5 16. Rb2 f5 17. Qxa5 fxe4 18. Bxc5 dxc5 19. fxe4 Qe7 20. g3 Bg4 21. Qd2
Rf6 22. Bg2 Rbf8 23. Rf1 Qd8 24. Rxf6 Rxf6 25. h3 Bf3 26. d6 Rxd6 27. Nd5 Bxg2
28. Qxg2 Bh6 29. Nd3 Qa5+ 30. Kd1 b5 31. cxb5 Qa4+ 32. Rc2 Qd4 33. Ke2 c4 34.
Ne1 c3 35. Qf3 Bd2 36. Qd3 Qg1 37. Rxd2 cxd2 38. Kxd2 Qf2+ 39. Kd1 Kg7 40. Qc3
Re6 41. Qc7+ Kh6 42. Qc3 Kg7 43. b6 Qxa2 44. Nc2 Qb1+ 45. Kd2 Qb5 46. Qc7+ Kh6
47. b7 Rc6 48. b8=Q 1-0

[Event "IX Floripa Chess Open Fort Atacadista"]
[Site "Florianópolis - Santa Catari"]
[Date "2023.01.28"]
[Round "9.105"]
[White "Barbosa, Flavio Novais"]
[Black "Cardoso, Maria Paula Da Silv"]
[Result "0-1"]
[WhiteElo "1863"]
[BlackElo "1511"]
[PlyCount "94"]
[EventDate "2023.01.23"]
[EventRounds "10"]
[EventCountry "BRA"]

1. d4 Nf6 2. c4 e6 3. Nf3 d5 4. g3 Be7 5. Bg2 O-O 6. O-O c6 7. Qc2 Qb6 8. Nbd2
Nbd7 9. c5 Qc7 10. e4 e5 11. Nxe5 Nxe5 12. dxe5 Qxe5 13. exd5 Nxd5 14. a3 Nf6
15. Nb3 Bf5 16. Qc4 Be6 17. Qc2 Rfe8 18. Bf4 Qh5 19. Rfe1 a5 20. Rac1 Nd5 21.
Re5 Qg6 22. Be4 Qf6 23. Bxh7+ Kf8 24. Bf5 Nxf4 25. gxf4 Bd5 26. Bd7 Red8 27.
Qh7 Qh6 28. Qxh6 gxh6 29. Rxd5 cxd5 30. Bf5 d4 31. Kf1 d3 32. Ke1 Bf6 33. Rb1
a4 34. Nd2 Ra5 35. b4 axb3 36. Rxb3 Rxc5 37. Bxd3 Bc3 38. Ke2 Rc7 39. f5 Bd4
40. Ne4 b6 41. a4 Re7 42. Kf3 Re5 43. Ng3 Bc5 44. Nf1 Rxd3+ 45. Rxd3 Rxf5+ 46.
Kg3 Rxf2 47. Nd2 Re2 0-1

[Event "IX Floripa Chess Open Fort Atacadista"]
[Site "Florianópolis - Santa Catari"]
[Date "2023.01.28"]
[Round "9.106"]
[White "Bitencourt, Evandro Jose Dos S"]
[Black "Machado, Wesley Henrique"]
[Result "1-0"]
[WhiteElo "1859"]
[BlackElo "1487"]
[PlyCount "53"]
[EventDate "2023.01.23"]
[EventRounds "10"]
[EventCountry "BRA"]

1. e4 e5 2. Nf3 Nc6 3. d4 exd4 4. Nxd4 Bc5 5. Nb3 Bb6 6. Nc3 Qf6 7. Qe2 Nge7 8.
Be3 Ne5 9. Bxb6 axb6 10. Nb5 Qc6 11. N3d4 Qc5 12. c3 O-O 13. b4 Qc4 14. Qc2 c6
15. Bxc4 Nxc4 16. Nc7 Ra3 17. b5 d6 18. O-O Bd7 19. Qd3 Ne5 20. Qc2 Rc8 21. f4
Ng4 22. Qc1 Ra7 23. h3 Nh6 24. f5 Rxc7 25. Qf4 Be8 26. Qxd6 Rd7 27. Qb8 1-0

[Event "IX Floripa Chess Open Fort Atacadista"]
[Site "Florianópolis - Santa Catari"]
[Date "2023.01.28"]
[Round "9.107"]
[White "Silver, Fernanda Luise"]
[Black "Pimenta, Elisandro Da Silva"]
[Result "0-1"]
[WhiteElo "1800"]
[BlackElo "1855"]
[PlyCount "90"]
[EventDate "2023.01.23"]
[EventRounds "10"]
[EventCountry "BRA"]

1. e4 e6 2. d4 d5 3. Nd2 dxe4 4. Nxe4 Nd7 5. Be3 Ngf6 6. Nc3 Bb4 7. Bd2 O-O 8.
a3 Bxc3 9. Bxc3 Ne4 10. Bb4 Re8 11. Bd3 a5 12. Bxe4 axb4 13. Qd3 Nf6 14. Nf3
bxa3 15. O-O a2 16. c4 Bd7 17. Ne5 Nxe4 18. Qxe4 Bc6 19. Nxc6 bxc6 20. Qxc6
Qxd4 21. Rxa2 Rab8 22. Rfa1 Red8 23. g3 h5 24. Rb1 h4 25. b4 h3 26. Qf3 Qxc4
27. Rab2 Qd5 28. Rb3 c5 29. g4 Rxb4 30. Qxh3 Rdb8 31. Rxb4 Rxb4 32. Rc1 Qg5 33.
Rc3 Qxg4+ 34. Qxg4 Rxg4+ 35. Kf1 c4 36. Ke2 g5 37. h3 Rh4 38. Rg3 f6 39. Kd2
Rf4 40. f3 Kg7 41. Ke3 Kg6 42. Rg1 c3 43. Rc1 Rc4 44. Kd3 Rc7 45. Rc2 Kh5 0-1

[Event "IX Floripa Chess Open Fort Atacadista"]
[Site "Florianópolis - Santa Catari"]
[Date "2023.01.28"]
[Round "9.108"]
[White "Rodrigues, Nei Jorge"]
[Black "Silva, Juliana Figueira Th"]
[Result "0-1"]
[WhiteElo "1845"]
[BlackElo "1393"]
[PlyCount "82"]
[EventDate "2023.01.23"]
[EventRounds "10"]
[EventCountry "BRA"]

1. e4 c5 2. Nc3 d6 3. g3 Nf6 4. Bg2 e6 5. Nge2 Be7 6. O-O O-O 7. d4 cxd4 8.
Nxd4 a6 9. a4 Nc6 10. Be3 Bd7 11. Qe2 Qc7 12. Nxc6 Bxc6 13. Rad1 Rac8 14. Rfe1
Qa5 15. Ra1 Rfd8 16. Bd2 Qc7 17. a5 h6 18. Be3 Nd7 19. h4 Bf6 20. Ra3 Nc5 21.
Qg4 Kh8 22. b4 Nd7 23. Ne2 Ne5 24. Qh5 Kh7 25. Rb3 Ba4 26. Rc3 Nf3+ 27. Bxf3
Bxc3 28. Rc1 Bf6 29. g4 Qe7 30. e5 Bxe5 31. Be4+ Kg8 32. Bd3 Bb5 33. c4 Bc6 34.
Nd4 Bxd4 35. Bxd4 e5 36. Bb6 Re8 37. Re1 Qf6 38. Bf5 Ra8 39. Re3 e4 40. Rg3 e3
41. Bxe3 Qa1+ 0-1

[Event "IX Floripa Chess Open Fort Atacadista"]
[Site "Florianópolis - Santa Catari"]
[Date "2023.01.28"]
[Round "9.109"]
[White "Ribeiro, Regina"]
[Black "Da Silva, Miguel Michels"]
[Result "0-1"]
[WhiteElo "1842"]
[BlackElo "1156"]
[PlyCount "141"]
[EventDate "2023.01.23"]
[EventRounds "10"]
[EventCountry "BRA"]

1. Nf3 d5 2. g3 Nf6 3. Bg2 e6 4. O-O Be7 5. c4 O-O 6. d4 b6 7. cxd5 exd5 8. Nc3
Bb7 9. Bg5 h6 10. Be3 Nbd7 11. h3 c5 12. Nh4 c4 13. Nf5 Re8 14. Nxe7+ Rxe7 15.
b3 cxb3 16. Qxb3 Nf8 17. Rac1 Ne6 18. Qc2 Rc7 19. Qb1 Rac8 20. Nb5 Rxc1 21.
Rxc1 Rxc1+ 22. Qxc1 a6 23. Nc3 b5 24. a3 Qb6 25. Qb2 Qc6 26. Qb4 Qc7 27. Bd2
Bc6 28. e3 Nd8 29. Qb3 Qd6 30. Na2 Nb7 31. Qc2 a5 32. Qb2 Qc7 33. Bf1 Nd6 34.
Bc1 Nc4 35. Qc2 Qd6 36. a4 b4 37. Bxc4 dxc4 38. Qxc4 Bxa4 39. Nc3 bxc3 40. Qxa4
Qb4 41. Qc2 a4 42. e4 Qb3 43. Qd3 a3 44. Bxa3 Qxa3 45. e5 Qc1+ 46. Kg2 Qd2 47.
Qc4 c2 48. Qc8+ Kh7 49. Qf5+ Kh8 50. exf6 gxf6 51. Qxf6+ Kg8 52. Qc6 c1=Q 53.
Qe8+ Kg7 54. Qe5+ Kg6 55. Qe4+ Kg7 56. Qe5+ Kf8 57. Qh8+ Ke7 58. Qe5+ Kd7 59.
Qd5+ Kc8 60. Qa8+ Kc7 61. Qa7+ Kd6 62. Qb8+ Qc7 63. Qf8+ Qe7 64. Qb8+ Ke6 65.
Qe5+ Kd7 66. Qb5+ Kc7 67. Qc4+ Kd8 68. Qd5+ Ke8 69. Qc6+ Kf8 70. Qc8+ Kg7 71.
Qg4+ 0-1

[Event "IX Floripa Chess Open Fort Atacadista"]
[Site "Florianópolis - Santa Catari"]
[Date "2023.01.28"]
[Round "9.110"]
[White "Oviedo Acosta, Paula"]
[Black "Ribeiro, Dionatan Lua Franze"]
[Result "1-0"]
[WhiteElo "1836"]
[BlackElo "1800"]
[PlyCount "71"]
[EventDate "2023.01.23"]
[EventRounds "10"]
[EventCountry "BRA"]

1. e4 c5 2. Nf3 Nc6 3. Nc3 d6 4. d4 cxd4 5. Nxd4 a6 6. Be3 Nf6 7. f3 Qb6 8. Qd2
Qxb2 9. Rb1 Qa3 10. Bc4 Ne5 11. Bb3 e6 12. Ba4+ Bd7 13. Rb3 Qc5 14. Nxe6 Qc8
15. Nxf8 Nc4 16. Bxd7+ Nxd7 17. Qd4 Nxe3 18. Qxe3 Nxf8 19. Qb6 Qd8 20. Qxb7 Ne6
21. Qc6+ Kf8 22. Qd5 Rc8 23. O-O Nf4 24. Qd2 g5 25. Rd1 Kg7 26. Ne2 Ne6 27. Nd4
Qf6 28. Nxe6+ fxe6 29. Rb7+ Kg6 30. Qxd6 Rxc2 31. Re7 Rc6 32. Qd7 Rhc8 33. Re8
R8c7 34. Qd3 Rc2 35. e5+ Qf5 36. Rxe6+ 1-0

[Event "IX Floripa Chess Open Fort Atacadista"]
[Site "Florianópolis - Santa Catari"]
[Date "2023.01.28"]
[Round "9.112"]
[White "Miranda, Marina Lima"]
[Black "Carvalho, Felipe Lobo C."]
[Result "1/2-1/2"]
[WhiteElo "1672"]
[BlackElo "2068"]
[PlyCount "113"]
[EventDate "2023.01.23"]
[EventRounds "10"]
[EventCountry "BRA"]

1. e4 c5 2. Nf3 d6 3. d4 cxd4 4. Nxd4 Nf6 5. Nc3 a6 6. Be2 e5 7. Nb3 Be7 8. Be3
Be6 9. a4 O-O 10. a5 Nbd7 11. Bf3 Rc8 12. Qd2 Qc7 13. O-O Rfe8 14. Rfd1 Bf8 15.
Nc1 Ng4 16. Bxg4 Bxg4 17. f3 Be6 18. Nd3 b5 19. axb6 Nxb6 20. Qe2 Nc4 21. Bf2
Nxb2 22. Nxb2 Qxc3 23. Na4 Qxc2 24. Qxa6 Ra8 25. Qd3 Qxd3 26. Rxd3 d5 27. Rdd1
dxe4 28. Nc5 Rxa1 29. Rxa1 exf3 30. Nxe6 Rxe6 31. Ra8 Rc6 32. gxf3 f5 33. Re8
Kf7 34. Rxe5 g6 35. Rb5 Bd6 36. h3 Kf6 37. Be3 g5 38. Rb6 Rxb6 39. Bxb6 h5 40.
Kg2 Bf4 41. Bc5 h4 42. Bb6 Ke6 43. Ba7 Kd5 44. Bb6 Bd2 45. Bd8 Kc4 46. Be7 Kd3
47. Bd8 Ke2 48. Bc7 Bf4 49. Bd8 Kd3 50. Be7 Kd4 51. Bd8 Kd5 52. Be7 Ke6 53. Bd8
Kf7 54. Bb6 Kg6 55. Bd8 Kh5 56. Be7 g4 57. fxg4+ 1/2-1/2

[Event "IX Floripa Chess Open Fort Atacadista"]
[Site "Florianópolis - Santa Catari"]
[Date "2023.01.28"]
[Round "9.113"]
[White "Mesquita, Guilherme"]
[Black "Dias, Juliane De Oliveira"]
[Result "1-0"]
[WhiteElo "2007"]
[BlackElo "1672"]
[PlyCount "71"]
[EventDate "2023.01.23"]
[EventRounds "10"]
[EventCountry "BRA"]

1. e4 c5 2. f4 e6 3. Nf3 d5 4. e5 Nc6 5. c3 Nge7 6. d3 Ng6 7. g3 Be7 8. Bg2 Bd7
9. Na3 a6 10. Nc2 Qb6 11. O-O h5 12. Qe2 Qc7 13. Bd2 Rc8 14. Rae1 Nd8 15. Bc1
b5 16. Nd2 Qb6 17. Kh1 h4 18. g4 h3 19. Bxd5 exd5 20. f5 Bh4 21. e6 fxe6 22.
fxg6 d4 23. Qe5 Bf6 24. Rxf6 gxf6 25. g7 Rg8 26. Qxf6 Qd6 27. Qg6+ Nf7 28. Rf1
Bc6+ 29. Ne4 Qe7 30. Bg5 Qxg5 31. Qxf7+ Kd8 32. Qxg8+ Kc7 33. Qxe6 Bxe4+ 34.
dxe4 Qd2 35. Rf7+ Kb8 36. Qb6+ 1-0

[Event "IX Floripa Chess Open Fort Atacadista"]
[Site "Florianópolis - Santa Catari"]
[Date "2023.01.28"]
[Round "9.114"]
[White "Schena, Arthur"]
[Black "Nobre, Jailson Altair Barb"]
[Result "1-0"]
[WhiteElo "1918"]
[BlackElo "1669"]
[PlyCount "94"]
[EventDate "2023.01.23"]
[EventRounds "10"]
[EventCountry "BRA"]

1. Nf3 d5 2. g3 c5 3. Bg2 Nc6 4. O-O Nf6 5. d3 d4 6. c3 e5 7. cxd4 exd4 8. Bg5
h6 9. Bxf6 Qxf6 10. Nbd2 Bd6 11. Ne4 Qe7 12. Nfd2 Ne5 13. Nxd6+ Qxd6 14. Rc1
Be6 15. Ne4 Qa6 16. Rxc5 Nd7 17. Rc7 O-O 18. a3 Qb6 19. Rxb7 Qxb7 20. Nf6+ Nxf6
21. Bxb7 Rab8 22. Bg2 Rxb2 23. Qa4 Rxe2 24. Qxd4 Bf5 25. Bf3 Rd2 26. Qf4 Rxd3
27. Qxf5 Rxa3 28. Rc1 Rb3 29. Rc8 Rb8 30. Rxf8+ Rxf8 31. Qa5 Re8 32. Qxa7 Rf8
33. Kg2 Kh8 34. h4 Kg8 35. g4 Nh7 36. Qe7 g6 37. Bd5 Kg7 38. f4 Kg8 39. Kg3 Kg7
40. g5 hxg5 41. fxg5 Kg8 42. h5 Nxg5 43. Qxg5 Kg7 44. hxg6 f6 45. Qf4 Rd8 46.
Qh4 Rh8 47. Qxh8+ Kxh8 1-0

[Event "IX Floripa Chess Open Fort Atacadista"]
[Site "Florianópolis - Santa Catari"]
[Date "2023.01.28"]
[Round "9.115"]
[White "Bassani, Eduardo"]
[Black "Pereira Junior, Ignacio Marrero"]
[Result "1/2-1/2"]
[WhiteElo "1912"]
[BlackElo "1665"]
[PlyCount "86"]
[EventDate "2023.01.23"]
[EventRounds "10"]
[EventCountry "BRA"]

1. f4 d5 2. Nf3 Nf6 3. e3 g6 4. b3 Bg7 5. Bb2 Nbd7 6. Be2 a6 7. O-O e6 8. Ne5
c5 9. c4 O-O 10. Qe1 Qc7 11. d4 Ne4 12. Nc3 Ndf6 13. Rc1 cxd4 14. Nxe4 dxe4 15.
exd4 Nd7 16. Bd1 f5 17. Qh4 Nxe5 18. fxe5 Bd7 19. Be2 Qd8 20. Qxd8 Rfxd8 21.
Rcd1 Bc6 22. d5 Bd7 23. Rc1 Rac8 24. Rfd1 Kf7 25. a4 a5 26. Bc3 b6 27. Bd4 Rb8
28. Rc3 Re8 29. g3 Rb7 30. c5 bxc5 31. Rxc5 exd5 32. Rxd5 Be6 33. Bc4 Rc8 34.
Rc5 Rxc5 35. Bxc5 Bxe5 36. Bb5 Bxb3 37. Rd8 Ke6 38. Ra8 Bc7 39. Ra6+ Ke5 40.
Be3 Bd5 41. Kf2 Bd8 42. Bf4+ Kd4 43. Be3+ Ke5 1/2-1/2

[Event "IX Floripa Chess Open Fort Atacadista"]
[Site "Florianópolis - Santa Catari"]
[Date "2023.01.28"]
[Round "9.117"]
[White "Reis, Virginia Lagrange M"]
[Black "Medeiros, Thauane Ferreira"]
[Result "0-1"]
[WhiteElo "1652"]
[BlackElo "1883"]
[PlyCount "66"]
[EventDate "2023.01.23"]
[EventRounds "10"]
[EventCountry "BRA"]

1. e4 e5 2. c4 Nf6 3. Nc3 Be7 4. d4 exd4 5. Qxd4 O-O 6. Be2 d6 7. Nf3 Be6 8. h3
a5 9. Be3 a4 10. O-O Nc6 11. Qd2 Na5 12. Qc2 Bxc4 13. Rfd1 Bxe2 14. Qxe2 Qc8
15. Bf4 Nc6 16. Rac1 Re8 17. Qc2 a3 18. bxa3 Rxa3 19. Nd5 Ra6 20. Re1 Bd8 21.
a4 Qa8 22. Nc3 Nd7 23. e5 Ndxe5 24. Nxe5 dxe5 25. Qf5 Re6 26. Bxe5 Nxe5 27.
Rxe5 g6 28. Qe4 Rxe5 29. Qxe5 Bf6 30. Qxc7 Rc6 31. Qg3 Qc8 32. Nd5 Rxc1+ 33.
Kh2 Qe6 0-1

[Event "IX Floripa Chess Open Fort Atacadista"]
[Site "Florianópolis - Santa Catari"]
[Date "2023.01.28"]
[Round "9.118"]
[White "Stival Da Silva, Javier Rodrigo"]
[Black "Silva, Janderson Rossi Da"]
[Result "1-0"]
[WhiteElo "1640"]
[BlackElo "1883"]
[PlyCount "43"]
[EventDate "2023.01.23"]
[EventRounds "10"]
[EventCountry "BRA"]

1. e4 c5 2. Nf3 d6 3. d4 cxd4 4. Nxd4 Nf6 5. Nc3 a6 6. f4 e6 7. Qf3 e5 8. Nf5
b5 9. Bd3 Nbd7 10. O-O Bb7 11. Kh1 g6 12. Ne3 Bg7 13. f5 O-O 14. Ned5 Nxd5 15.
Nxd5 Bxd5 16. exd5 Re8 17. fxg6 fxg6 18. Bxg6 hxg6 19. Qf7+ Kh8 20. Rf3 Nf8 21.
Rh3+ Nh7 22. Qxg6 1-0

[Event "IX Floripa Chess Open Fort Atacadista"]
[Site "Florianópolis - Santa Catari"]
[Date "2023.01.28"]
[Round "9.119"]
[White "Karoly, Carlos Acacio Gomes"]
[Black "Ramazzotte, Alexandre Franco"]
[Result "1-0"]
[WhiteElo "1877"]
[BlackElo "1649"]
[PlyCount "97"]
[EventDate "2023.01.23"]
[EventRounds "10"]
[EventCountry "BRA"]

1. e4 e6 2. d4 d5 3. Nc3 Bb4 4. e5 c5 5. a3 Bxc3+ 6. bxc3 Nc6 7. Nf3 Nge7 8.
Bd3 c4 9. Bf1 O-O 10. g3 f6 11. exf6 Rxf6 12. Bg2 Qe8 13. O-O Qh5 14. Nh4 Qxd1
15. Rxd1 h6 16. f4 Bd7 17. Bd2 Raf8 18. Rf1 Nd8 19. Nf3 Nc8 20. Ne5 Ba4 21.
Rae1 g5 22. Ng4 Rg6 23. f5 exf5 24. Bxd5+ Kg7 25. Ne5 Rd6 26. Bxc4 Bxc2 27. Bc1
Nc6 28. Bd3 Bxd3 29. Nxd3 Rf7 30. a4 Nb6 31. Ba3 Rdd7 32. Nc5 Rd5 33. Re8 Nc4
34. Ne6+ Kf6 35. Bf8 Nd6 36. Bxd6 Rxd6 37. Nc5 Kg6 38. Rfe1 Nd8 39. Rg8+ Kh5
40. Ree8 Nc6 41. Ne6 Re7 42. Ng7+ Kg4 43. Kg2 Rxg7 44. h3+ Kh5 45. Rxg7 Nd8 46.
Kf3 f4 47. gxf4 gxf4 48. Re5+ Kh4 49. Rg4+ 1-0

[Event "IX Floripa Chess Open Fort Atacadista"]
[Site "Florianópolis - Santa Catari"]
[Date "2023.01.28"]
[Round "9.120"]
[White "Calcada, Lucas Galvan"]
[Black "Marques Junior, Marcos Antonio"]
[Result "1/2-1/2"]
[WhiteElo "1638"]
[BlackElo "1870"]
[PlyCount "69"]
[EventDate "2023.01.23"]
[EventRounds "10"]
[EventCountry "BRA"]

1. Nf3 d5 2. c4 c6 3. e3 Nf6 4. Nc3 Bf5 5. cxd5 cxd5 6. Qb3 Bc8 7. Bb5+ Nc6 8.
Bxc6+ bxc6 9. d4 e6 10. O-O Bd6 11. Bd2 O-O 12. Rac1 Rb8 13. Qc2 Bd7 14. Na4
Ne4 15. Nc5 Nxc5 16. dxc5 Be7 17. b4 a5 18. a3 axb4 19. axb4 Bf6 20. Bc3 Bxc3
21. Qxc3 f6 22. Nd2 e5 23. e4 Be6 24. exd5 Qxd5 25. Nc4 Qxc4 26. Qxc4 Bxc4 27.
Rxc4 Rfd8 28. Rb1 Kf7 29. Kf1 Ke6 30. Ke2 f5 31. f3 h5 32. h4 Ra8 33. Rc2 Rab8
34. Rc4 Ra8 35. Rc2 1/2-1/2

[Event "IX Floripa Chess Open Fort Atacadista"]
[Site "Florianópolis - Santa Catari"]
[Date "2023.01.28"]
[Round "9.121"]
[White "De Souza Monteiro, Marcos Paulo"]
[Black "Lopes, Leonardo Borges"]
[Result "0-1"]
[WhiteElo "1869"]
[BlackElo "1635"]
[PlyCount "94"]
[EventDate "2023.01.23"]
[EventRounds "10"]
[EventCountry "BRA"]

1. d4 Nf6 2. Nf3 g6 3. c4 Bg7 4. Nc3 O-O 5. e4 d6 6. Be2 e5 7. O-O Nc6 8. d5
Ne7 9. Ne1 Nd7 10. Be3 f5 11. f3 f4 12. Bf2 Nf6 13. b4 g5 14. Kh1 Ng6 15. c5
Rf7 16. cxd6 cxd6 17. Qb3 h5 18. Nd3 g4 19. Rac1 g3 20. Bg1 Ng4 21. h3 Qh4 22.
Nd1 Ne3 23. Rxc8+ Rxc8 24. Nxe3 fxe3 25. Bxe3 Rfc7 26. Rc1 Qe7 27. Nc5 Nf4 28.
Bf1 Kh8 29. Rd1 b6 30. Ba6 Rb8 31. Ne6 Nxe6 32. dxe6 Re8 33. Bb5 Rb8 34. Bd7
Rbb7 35. Rd3 Bf6 36. Qd1 Bg5 37. Bd2 Rc4 38. Bb5 Rc8 39. Ba6 Rbc7 40. Bxc8 Rxc8
41. Qb3 Bxd2 42. Rxd2 Qxe6 43. Qd1 Kg7 44. Kg1 Rc4 45. a3 Qc8 46. Qb3 Rc1+ 47.
Rd1 Qc3 0-1

[Event "IX Floripa Chess Open Fort Atacadista"]
[Site "Florianópolis - Santa Catari"]
[Date "2023.01.28"]
[Round "9.122"]
[White "Albiero, Marco Antonio Batis"]
[Black "Trombini, Fabio"]
[Result "1-0"]
[WhiteElo "1621"]
[BlackElo "1861"]
[PlyCount "79"]
[EventDate "2023.01.23"]
[EventRounds "10"]
[EventCountry "BRA"]

1. e4 e5 2. Nf3 Nc6 3. Bc4 Bc5 4. c3 Nf6 5. d3 a6 6. Bb3 O-O 7. Nbd2 d6 8. Nf1
Ba7 9. Ng3 Ne7 10. O-O c6 11. d4 Ng6 12. Bc2 Re8 13. dxe5 dxe5 14. Qxd8 Rxd8
15. Bg5 Be6 16. Bxf6 gxf6 17. Nh5 Rd6 18. Nxf6+ Kg7 19. Nh5+ Kf8 20. h3 h6 21.
Ng3 f6 22. Nf5 Bxf5 23. exf5 Nf4 24. Rfe1 Rad8 25. Kf1 b5 26. a4 b4 27. cxb4
Nd3 28. Bxd3 Rxd3 29. Rac1 R8d6 30. Rc3 Rxc3 31. bxc3 Rd3 32. Rc1 e4 33. Nd4
Rd2 34. Rc2 Rd1+ 35. Ke2 Rg1 36. g3 c5 37. bxc5 Ke8 38. Ne6 Kd7 39. Rd2+ Ke8
40. Rb2 1-0

[Event "IX Floripa Chess Open Fort Atacadista"]
[Site "Florianópolis - Santa Catari"]
[Date "2023.01.28"]
[Round "9.123"]
[White "Da Cruz, Emerson"]
[Black "Da Rosa, Henrique Jaze Simoe"]
[Result "0-1"]
[WhiteElo "1615"]
[BlackElo "1838"]
[PlyCount "48"]
[EventDate "2023.01.23"]
[EventRounds "10"]
[EventCountry "BRA"]

1. e4 e5 2. Nf3 Nc6 3. Bc4 Nf6 4. O-O Be7 5. Re1 O-O 6. c3 d6 7. h3 Nxe4 8. d4
exd4 9. cxd4 d5 10. Bb3 Be6 11. Nc3 f5 12. Bf4 Qd7 13. Ne5 Nxe5 14. Bxe5 c6 15.
f4 Bf6 16. Bxf6 Rxf6 17. Qd3 Kh8 18. Rf1 Rg8 19. Rae1 g5 20. Re3 gxf4 21. Rxf4
Rfg6 22. g4 Qd6 23. Ne2 fxg4 24. h4 Rh6 0-1

[Event "IX Floripa Chess Open Fort Atacadista"]
[Site "Florianópolis - Santa Catari"]
[Date "2023.01.28"]
[Round "9.124"]
[White "Cunha, Angelo"]
[Black "Piassi, Eric Augusto"]
[Result "1-0"]
[WhiteElo "1606"]
[BlackElo "1837"]
[PlyCount "29"]
[EventDate "2023.01.23"]
[EventRounds "10"]
[EventCountry "BRA"]

1. e4 c6 2. d4 d5 3. c4 dxe4 4. Nc3 Nf6 5. Bg5 Qb6 6. Qd2 Bf5 7. f3 exf3 8.
Nxf3 Ne4 9. Nxe4 Bxe4 10. c5 Qd8 11. Be2 h6 12. Bf4 Nd7 13. O-O Nf6 14. Ne5 Qd5
15. Bc4 1-0

[Event "IX Floripa Chess Open Fort Atacadista"]
[Site "Florianópolis - Santa Catari"]
[Date "2023.01.28"]
[Round "9.125"]
[White "Mauro, Roberto Da Silva"]
[Black "Borsato, Ana Carolina Teodor"]
[Result "0-1"]
[WhiteElo "1590"]
[BlackElo "1832"]
[PlyCount "66"]
[EventDate "2023.01.23"]
[EventRounds "10"]
[EventCountry "BRA"]

1. e4 e5 2. Nf3 Nc6 3. Bc4 Nf6 4. d3 Bc5 5. c3 O-O 6. O-O h6 7. b4 Bb6 8. a4 a6
9. Ba3 d6 10. Nbd2 Bg4 11. h3 Bh5 12. Re1 Re8 13. Nf1 Bg6 14. Nh4 Bh5 15. Qd2
Nxe4 16. Rxe4 d5 17. Bxd5 Qxd5 18. c4 Qd7 19. c5 Ba7 20. Ng3 Bg6 21. Nxg6 fxg6
22. Rae1 Re6 23. h4 Rae8 24. h5 g5 25. Nf5 Qf7 26. g4 Nd4 27. Nxd4 exd4 28. Bb2
Rxe4 29. dxe4 Qd7 30. f3 d3 31. Re3 Rd8 32. Kg2 Qxa4 33. Qc3 Qc2+ 0-1

[Event "IX Floripa Chess Open Fort Atacadista"]
[Site "Florianópolis - Santa Catari"]
[Date "2023.01.28"]
[Round "9.126"]
[White "Lora, Miguel Said Brasil"]
[Black "Vieira, Jose Renato Braga S"]
[Result "0-1"]
[WhiteElo "1566"]
[BlackElo "1828"]
[PlyCount "46"]
[EventDate "2023.01.23"]
[EventRounds "10"]
[EventCountry "BRA"]

1. e4 c5 2. Nf3 d6 3. d4 cxd4 4. Nxd4 Nf6 5. Nc3 g6 6. Be2 Bg7 7. O-O O-O 8.
Be3 Nc6 9. h3 Bd7 10. Qd2 Rc8 11. Rad1 Na5 12. Bh6 Nc4 13. Bxc4 Rxc4 14. Bxg7
Kxg7 15. Qd3 Qc8 16. Rd2 a6 17. Kh1 b5 18. Nd5 e5 19. Ne2 Nxe4 20. Nb6 Qc6 21.
Nxc4 bxc4 22. Qd5 Nxd2 23. Qxd2 Bxh3 0-1

[Event "IX Floripa Chess Open Fort Atacadista"]
[Site "Florianópolis - Santa Catari"]
[Date "2023.01.28"]
[Round "9.127"]
[White "Carneiro, Claudionor Chaves"]
[Black "Resende, Lucas B. Massucato"]
[Result "0-1"]
[WhiteElo "1577"]
[BlackElo "1824"]
[PlyCount "78"]
[EventDate "2023.01.23"]
[EventRounds "10"]
[EventCountry "BRA"]

1. e4 e6 2. d4 d5 3. e5 c5 4. c3 Nc6 5. Nf3 Qb6 6. a3 c4 7. Nbd2 Na5 8. g3 f6
9. h4 fxe5 10. Nxe5 Nf6 11. Bh3 Bd6 12. Qa4+ Nc6 13. Ndf3 O-O 14. Nxc6 bxc6 15.
O-O c5 16. b4 cxb3 17. Rb1 c4 18. Nd2 Bd7 19. Nxc4 Bxa4 20. Nxb6 axb6 21. Bxe6+
Kh8 22. c4 Ne4 23. Bxd5 Nc3 24. Bxa8 Nxb1 25. Be4 Nc3 26. Bd3 Rf3 27. Be3 Bxa3
28. Ra1 Bb2 29. Re1 Rf8 30. d5 Re8 31. Bf5 b5 32. d6 bxc4 33. d7 Bxd7 34. Bxd7
Re7 35. Bc8 Ba3 36. Bd2 Rxe1+ 37. Bxe1 b2 38. Bf5 b1=Q 39. Bxb1 Nxb1 0-1

[Event "IX Floripa Chess Open Fort Atacadista"]
[Site "Florianópolis - Santa Catari"]
[Date "2023.01.28"]
[Round "9.128"]
[White "De Oliveira, Gualter Amelio"]
[Black "Silva, Ezequiel Demetras"]
[Result "1-0"]
[WhiteElo "1563"]
[BlackElo "1811"]
[PlyCount "121"]
[EventDate "2023.01.23"]
[EventRounds "10"]
[EventCountry "BRA"]

1. g3 g6 2. d3 Bg7 3. Nf3 e6 4. e4 c5 5. Be3 d6 6. Bg2 Nc6 7. a4 Nge7 8. Qc1
Nd4 9. Nbd2 Nec6 10. Nxd4 Nxd4 11. Nf3 O-O 12. Nxd4 cxd4 13. Bh6 e5 14. h4 Bxh6
15. Qxh6 f6 16. Qd2 Rf7 17. Bf3 Qb6 18. b3 Qc5 19. g4 Rc7 20. Rc1 Qc3 21. Ke2
Qxd2+ 22. Kxd2 Be6 23. c4 dxc3+ 24. Rxc3 Rac8 25. Rhc1 Rxc3 26. Rxc3 Rxc3 27.
Kxc3 g5 28. h5 Kf7 29. Be2 Ke7 30. f3 Kd7 31. b4 Kc7 32. d4 exd4+ 33. Kxd4 Bb3
34. a5 Kc6 35. b5+ Kd7 36. Ke3 d5 37. Bd3 h6 38. exd5 Bxd5 39. f4 Kd6 40. fxg5
fxg5 41. Kd4 b6 42. a6 Bf3 43. Bf5 Be2 44. Bc8 Bxb5 45. Ke4 Bd7 46. Bxd7 Kxd7
47. Kf5 b5 48. Kg6 b4 49. Kxh6 b3 50. Kg7 b2 51. h6 b1=Q 52. h7 Ke7 53. h8=Q
Qb2+ 54. Kh7 Qxh8+ 55. Kxh8 Kf6 56. Kh7 Kf7 57. Kh6 Kf6 58. Kh5 Kf7 59. Kxg5
Kg7 60. Kf5 Kf7 61. Ke5 1-0